Les chasseurs de têtes de l'Amazone: Sept ans d'aventures et d'explorations dans les forèts vierges de l'Amérique Équatoriale. Avec vingt et une photographies hors texte et une carte

Salvato in:
Dettagli Bibliografici
Autore principale: Up de Graff, Fritz W. (Autore)
Natura: Libro
Lingua:francese
Pubblicazione: París Plon 1928
Edizione:7a. ed
Soggetti:
Tags: Aggiungi Tag
Nessun Tag, puoi essere il primo ad aggiungerne!!

MARC

LEADER 00000nam a2200000 a 4500
001 UCJ5515
003 CL-VaPUC
008 070124e19280000FR |||||||||||||||||fre|d
082 0 4 |a 910.4  |b UPD  |2 21 
100 0 |a Up de Graff, Fritz W.  |e author  |9 510757 
245 1 4 |a Les chasseurs de têtes de l'Amazone: Sept ans d'aventures et d'explorations dans les forèts vierges de l'Amérique Équatoriale. Avec vingt et une photographies hors texte et une carte 
250 |a 7a. ed 
300 |a 297 p 
942 |c BK 
945 |d 20070124 00:00:00  |a rinostro 
260 |a París  |b Plon  |c 1928 
500 |a Ilustraciones y mapa conforme a lo señalado en el título 
650 0 |a Viajes  |9 257115 
650 0 |a Antropología   |9 233030 
650 0 |a Aborígenes  |9 329972 
650 0 |a Cultura  |9 269059 
650 7 |a FLORA  |2 CL-VaPUC  |9 264745 
650 7 |a FAUNA  |2 CL-VaPUC  |9 349523 
651 0 |a Brasil  |9 267393 
651 7 |a AMAZONAS  |2 CL-VaPUC  |9 510758 
583 |a last modification  |c 20070124 00:00:00  |k Rodrigo Vera 
999 |c 321624  |d 321622 
952 |0 0  |1 0  |4 0  |6 910_400000000000000_UPD_1928  |7 0  |8 X  |9 400416  |a FDOBUD  |b FDOBUD  |d 2019-11-22  |i 1035665  |o 910.4 UPD 1928  |p 1035665  |r 2019-11-22  |w 2019-11-22  |y BK_X  |k BUD